00658nam a2200217Ia 450000500170000000800410001702000160005804000180007404100080009208200230010010000190012324500920014225000120023426000380024630000340028444000190031865000290033765000270036665000270039370000200042020221124145457.0210716s1987 xx 000 0 und d a00770991502 cAIMIT LIBRARY aeng a621.3916 23bOSBA aOsborne, Adam. aIntroduction to microcomputers : bbeginners book /cBy Adam Osborne and David Bunnell. a3rd ed. aNew York :bMc Graw Hill ,c1987. a0v.(xvi,233p.) ;bPBc20.5 cm aBeginners book aChoosing a microcomputer aGetting down to basics aInside a microcomputer aBunnell, David.